| 000 | 01142nam a22002897a 4500 | ||
|---|---|---|---|
| 005 | 20090627155043.0 | ||
| 008 | 090627t xxu||||| |||| 00| 0 eng d | ||
| 010 | _aENG-94278 | ||
| 020 |
_a8183243061 _c750.00 |
||
| 020 |
_a9788183243063 _c750.00 |
||
| 035 | _aEN-77811 | ||
| 037 | _bDBAD / PUB | ||
| 040 |
_adpl _bEnglish |
||
| 082 | _a331.76337209545 | ||
| 100 | _aSengupta, Sarthak | ||
| 245 |
_aThe tea labourers of North East India: _cby Sarthak Sengupta _ban anthropo-historical perspective / |
||
| 260 |
_aNew Delhi _bMittal Publications _c2009 |
||
| 270 |
_a4594/9, Daryaganj, _bNew Delhi _e110002 |
||
| 300 |
_axxix, 295p. _c23cm(Hb) |
||
| 500 | _aIncludes index | ||
| 650 |
_aTea plantation workers _zIndia, Northeastern |
||
| 650 |
_aTea plantation workers _xEconomic conditions |
||
| 650 |
_aTea plantation workers _xSocial conditions |
||
| 650 |
_aTea trade _xIndia |
||
| 942 |
_2ddc _cEN _mSEN _h331.76337209545 |
||
| 999 |
_c27946 _d27946 |
||